• 首页
  • 本馆介绍
  • 公告通知
  • 最新文献
  • 馆藏检索
  • 电子资源
  • 读者导购
  • 参考咨询
  • 我的图书馆
  • 登录
  • 详细信息显示
  • 放入我的书架
  • 预约/预借图书
  • 作者相关作品
  • 分类相关作品
  • 丛书相关作品
  • 出版社相关作品

书目信息

  • 表格格式
  • 工作单格式
  • 卡片格式
题名:
信息理论与编码
    
 
作者: 吕锋 , 王虹 , 刘皓春 , 苏扬 编著
分册:  
出版信息: 北京   人民邮电出版社  2004
页数: 236页
开本: 26cm
丛书名:
单 册:
中图分类: TN911.21
科图分类:
主题词: 信源编码--编码理论--高等学校--教材 , 信道编码--编码理论--高等学校--教材 , 信息论 , 信源编码 , 编码理论 , 信道编码 , 信息论--高等学校--教材
电子资源:
ISBN: 7-115-12067-6
000 01120nam0 2200349 45
001 010000004097
005 20050905151112.21
010    @a7-115-12067-6@dCNY21.00
100    @a20040327d2004 ekmy0chiy0120 ea
101 0  @achi
102    @aCN@b110000
105    @aak az 000yy
200 1  @a信息理论与编码@Axin xi li lun yu bian ma@f吕锋等编著@Flu feng deng bian zhu
210    @a北京@c人民邮电出版社@d2004
215    @a236页@c图@d26cm
300    @a高等学校教材
320    @a有书目
330    @a本书系统地讲述了信息论的基础理论。全书分8章,分别讨论了信息的度量、信源无失真编码、信道编码、信息率失真函数、网络信息论以信息安全理论与方法。
606 0  @a信源编码@x编码理论@x高等学校@j教材
606 0  @a信道编码@x编码理论@x高等学校@j教材
606 0  @a信息论
606 0  @a信源编码
606 0  @a编码理论
606 0  @a信道编码
606 0  @a信息论@x高等学校@j教材
690    @aTN911.21@v4
701  0 @a吕锋@9lu^ feng@4编著
701  0 @a王虹@9wang hong@4编著
701  0 @a刘皓春@9liu hao chun@4编著
701  0 @a苏扬@9su yang@4编著
801  0 @aCN@bTSSF@c20050905
905    @a10447@dTN911.21@e58
    
    信息理论与编码/吕锋等编著.-北京:人民邮电出版社,2004
    236页:图;26cm
    高等学校教材
    
    ISBN 7-115-12067-6:CNY21.00
    本书系统地讲述了信息论的基础理论。全书分8章,分别讨论了信息的度量、信源无失真编码、信道编码、信息率失真函数、网络信息论以信息安全理论与方法。
●
相关链接 在E读中查询图书 在五车中查询图书 在当当中查询图书 在豆瓣中查询图书


正题名:信息理论与编码     索取号:TN911.21/58         预约/预借

序号 登录号 条形码 馆藏地/架位号 状态 备注
1 0359870   3598707   第二样本阅览室/ [索取号:TN911.21/58] 在馆    
2 0359871   3598716   第三借阅区/ [索取号:TN911.21/58] 在馆    
3 0359872   3598725   第三借阅区/ [索取号:TN911.21/58] 在馆    
4 0359873   3598734   第三借阅区/ [索取号:TN911.21/58] 在馆    
5 0359874   3598743   第三借阅区/ [索取号:TN911.21/58] 在馆    
唐山师范学院图书馆 欢迎您!
大连网信软件有限公司© 版权所有